| 000 | 00871nam a2200265 a 4500 | ||
|---|---|---|---|
| 999 |
_c10022 _d10022 |
||
| 003 | BD - JhCC | ||
| 005 | 20180404125544.0 | ||
| 008 | 180404s1952 stk d 000 0 eng d | ||
| 035 |
_aCURL 7m020000249278(Edi) from jvsc0191 _aBD - JhCC |
||
| 040 |
_aDLC _cGAT _dEUX _dBD - JhCC |
||
| 041 | _aeng | ||
| 050 | 0 |
_aPE1628 _b.C43 1952 |
|
| 082 |
_a423 _bGED 1952 |
||
| 100 | _aGeddie, William | ||
| 245 | 0 | 0 |
_aChambers twentieth century dictionary / _c William Geddie, |
| 250 | _aNew mid-century version / | ||
| 260 |
_aEdinburgh : _bChambers, _c1952. |
||
| 300 |
_ax, 1396p ; _c22 cm |
||
| 500 | _aFirst ed. published in 1901 under title: Chambers's twentieth century dictionary of the English language | ||
| 650 | 0 |
_aEnglish language _vDictionaries |
|
| 700 | 1 | _aGeddie, William. | |
| 740 | 0 | _aTwentieth century dictionary | |
| 942 |
_2ddc _cREF |
||